00546nam a2200193 a 450000100100000000500170001000800410002702000150006804000250008308200260010810000340013424500480016825000110021626000370022730000210026449000270028565000180031265000220033000000805320200929154418.0940610s1994 sp 000 f spa d a8432230154 aDO-SdBNPbspacBNPHU aCu863.44bC297r, 19941 aCarpentier, Alejo,d1904-198013aEl reino de este mundo /cAlejo Carpentier. a8a ed. aBarcelona :bSeix Barral,c1994. a144 p. ;c19 cm.1 aBiblioteca de bolsillo 4aNovela cubana 4aLiteratura cubana